Compendio laboral 2010 Tomo II /

Detalles Bibliográficos
Autor principal: Přez Chavez, Još
Otros Autores: Fol Olguin, Raymundo
Formato: Desconocido
Lenguaje:español
Publicado: Mx̌ico : Tax ed, 2010
Materias:
Acceso en línea:Acceso restringido

MARC

LEADER 00000ny a22000003n 4500
005 20110525101642.0
008 101118s2010 mx 000 spa d
020 |a 9786074400700 
035 |a 5095 
040 |a BUS  |d vLex 
090 |c 247  |d 247 
100 1 |a Přez Chavez, Još 
245 1 0 |a Compendio laboral 2010  |h [Recurso electrn̤ico]  |b Tomo II /  |c Jos ̌Přez Chavez ; Raymundo Fol Olguin  
256 |a Servicio en ln̕ea 
260 |a Mx̌ico :  |b Tax ed,  |c 2010 
506 1 |a Contenido solo disponible en los productos indicados  |d vLex Global  |d vLex Global (Academic Edition, excluding Law Schools)  |d vLex Global (U.S. Academic Edition, Law Schools)  |d vLex Global (U.S. Academic Edition, excluding Law Schools)  |d vLex Global (Academic Edition, Law Schools) 
650 0 4 |a Trabajo  |x Derecho  |z Espaą  |x Legislacin̤  
700 1 |a Fol Olguin, Raymundo 
740 0 |a vLex Libros (Servicios en ln̕ea) 
856 4 0 |z Acceso restringido  |u http://vlex.com/source/compendio-laboral-2010-5095 
942 |c BOOK 
999 0 |a Right to labor  |b Mx̌ico